书目信息 |
| 题名: |
现代仓储运作与管理
|
|
| 作者: | 刘俐 著 | |
| 分册: | ||
| 出版信息: | 北京 北京大学出版社 2004 |
|
| 页数: | 238页 | |
| 开本: | 23cm | |
| 丛书名: | ||
| 单 册: | ||
| 中图分类: | F259.21 , F253.4 | |
| 科图分类: | ||
| 主题词: | 物资管理--仓库管理--中国--教材 , 物资管理 , 仓库管理 | |
| 电子资源: | ||
| ISBN: | 7-301-07404-2 | |
| 000 | 00874nam0 2200265 450 | |
| 001 | 012007787714 | |
| 005 | 20070727172728.72 | |
| 010 | @a7-301-07404-2@dCNY23.00 | |
| 100 | @a20070514d2004 km y0chiy0120 ea | |
| 101 | 0 | @achi |
| 102 | @aCN@b110000 | |
| 105 | @ay z 000yy | |
| 200 | 1 | @a现代仓储运作与管理@Axian dai cang chu yun zuo yu guan li@f刘俐著@Fliu li zhu |
| 210 | @a北京@c北京大学出版社@d2004 | |
| 215 | @a238页@d23cm | |
| 300 | @a21世纪经济与管理教材物流管理系列北京物资学院2003年教材基金资助项目 | |
| 330 | @a该书针对我国物流基础工作存在的诸多不足,在遵循仓储基本流程的基础上介绍了现代仓储运作与管理的基本原理和最新方法。 | |
| 606 | 0 | @a物资管理@x仓库管理@y中国@j教材 |
| 606 | 0 | @a物资管理 |
| 606 | 0 | @a仓库管理 |
| 690 | @aF259.21@v4 | |
| 690 | @aF253.4@v3 | |
| 701 | 0 | @a刘俐@Aliu li@4著 |
| 801 | 0 | @aCN@bRULIN@c20070727 |
| 905 | @dF253.4@e108 | |
| 现代仓储运作与管理/刘俐著.-北京:北京大学出版社,2004 |
| 238页;23cm |
| 21世纪经济与管理教材物流管理系列北京物资学院2003年教材基金资助项目 |
| ISBN 7-301-07404-2:CNY23.00 |
| 该书针对我国物流基础工作存在的诸多不足,在遵循仓储基本流程的基础上介绍了现代仓储运作与管理的基本原理和最新方法。 |
| ● |
| 相关链接 |
|
|
|
|
正题名:现代仓储运作与管理
索取号:F253.4/108
 
预约/预借
| 序号 | 登录号 | 条形码 | 馆藏地/架位号 | 状态 | 备注 |
| 1 | 0822078 | 208220780 | 第一样本阅览室/ [索取号:F253.4/108] | 在馆 | |
| 2 | 0822079 | 208220799 | 第一借阅区/ [索取号:F253.4/108] | 在馆 | |
| 3 | 0822080 | 208220806 | 第一借阅区/ [索取号:F253.4/108] | 在馆 | |
| 4 | 0822081 | 208220815 | 第一借阅区/ [索取号:F253.4/108] | 在馆 | |
| 5 | 0822082 | 208220824 | 第一借阅区/ [索取号:F253.4/108] | 在馆 |